书目信息 |
| 题名: |
自由边界问题的函数论方法及其在力学中的应用
|
|
| 作者: | 闻国椿 , 戴中维 , 田茂英 编著 | |
| 分册: | ||
| 出版信息: | 北京 高等教育出版社 1996 |
|
| 页数: | 180页 | |
| 开本: | 32开 | |
| 丛书名: | ||
| 单 册: | ||
| 中图分类: | O302 | |
| 科图分类: | ||
| 主题词: | 函数论--数学方法--应用--自由边值问题 , 自由边界--函数论--数学方法 | |
| 电子资源: | ||
| ISBN: | 7-04-005357-8 | |
| 000 | 00792nam0 2200229 45 | |
| 001 | 0210290900 | |
| 005 | 20031219104059.4 | |
| 010 | @a7-04-005357-8@dCNY7.85 | |
| 100 | @a20021029d1996 km y0chiy0120 ea | |
| 101 | 0 | @achi |
| 105 | @a z 000yy | |
| 200 | 1 | @a自由边界问题的函数论方法及其在力学中的应用@AZi You Bian Jie Wen Ti De Han Shu Lun Fang Fa Ji Qi Zai Li Xue Zhong De Ying Yong@f闻国椿,戴中维,田茂英编著@FWen Guo Chun,Dai Zhong Wei,Tian Mao Ying Bian Zhu |
| 210 | @a北京@c高等教育出版社@d1996 | |
| 215 | @a180页@d32开 | |
| 606 | 0 | @a函数论@x数学方法@x应用@x自由边值问题 |
| 606 | 0 | @a自由边界@x函数论@x数学方法 |
| 690 | @aO302@v4 | |
| 701 | @a闻国椿@4编著 | |
| 701 | 0 | @a戴中维@4编著 |
| 701 | 0 | @a田茂英@4编著 |
| 801 | @aCN@bTSTC@c20021029 | |
| 905 | @b316291-295@dO302@e44@f5 | |
| 自由边界问题的函数论方法及其在力学中的应用/闻国椿,戴中维,田茂英编著.-北京:高等教育出版社,1996 |
| 180页;32开 |
| ISBN 7-04-005357-8:CNY7.85 |
| ● |
| 相关链接 |
|
|
|
|
正题名:自由边界问题的函数论方法及其在力学中的应用
索取号:O302/44
 
预约/预借
| 序号 | 登录号 | 条形码 | 馆藏地/架位号 | 状态 | 备注 |
| 1 | 0316291 | 203162914 | 第三借阅区/ [索取号:O302/44] | 在馆 | |
| 2 | 0316292 | 203162923 | 第三借阅区/ [索取号:O302/44] | 在馆 | |
| 3 | 0316293 | 203162932 | 第三借阅区/ [索取号:O302/44] | 在馆 | |
| 4 | 0316294 | 203162941 | 第三借阅区/ [索取号:O302/44] | 在馆 | |
| 5 | 0316295 | 203162950 | 第二样本阅览室/ [索取号:O302/44] | 在馆 |